| 000 | 00939nam a2200265 a 4500 | ||
|---|---|---|---|
| 999 |
_c5496 _d5496 |
||
| 005 | 20180608160844.0 | ||
| 008 | 150217b2005 ck ||||| |||| 00| 0 spa d | ||
| 020 | _a9588151600 | ||
| 040 |
_aCO-BoIAVH _cCO-BoIAVH |
||
| 041 | _aspa | ||
| 044 | _ack | ||
| 090 |
_aIAVH _b00591 |
||
| 100 | 1 | _aOrtiz, Nestor | |
| 245 | 1 | 0 | _aLínea base de la biodiversidad en la jurisdicción de la Corporación Autónoma Regional de Cundinamarca - CAR |
| 260 |
_aBogotá: _bInstituto de Investigación de Recursos Biológicos Alexander von Humboldt; _bCAR, _c2005. |
||
| 300 | _a108 páginas, | ||
| 490 |
_aIndicadores de seguimiento y evaluación de la política de biodiversidad, _v5 |
||
| 700 | 1 | _aMorales , Mónica | |
| 700 | 1 | _aBernal, Nestor Ricardo | |
| 700 | 1 | _aRodríguez, Nelly | |
| 700 | 1 | _aBaptiste, María Piedad | |
| 700 | 1 | _aFranco, Ana María | |
| 942 |
_cLIBRO _2ddc |
||
| 945 | _d2007-05-08 | ||